000
00283 a2200145 4500
001
160845
020
_a
040
_c
Magnum
100
_a
Schmid
240
1
0
_a
O pastorzinho
_l
por
245
1
0
_a
O pastorzinho
362
0
_a
1899
697
_a
IJ/AVENTURA, CRIANCAS
942
_c
BK
999
_c
160845
_d
160845